|
|
|
|
| LEADER |
00000nab a2200000 a 4500 |
| 001 |
vtls000696942 |
| 003 |
SK-MaSNL |
| 005 |
20260303201232.0 |
| 008 |
180206c1999 xo 0 slo |
| 015 |
|
|
|a SNBRB1999/06-17581
|
| 035 |
|
|
|a CLN000049109
|
| 040 |
|
|
|a SNKBUCL
|b slo
|c SNKBUCL
|e AACR2
|
| 041 |
0 |
|
|a slo
|
| 044 |
|
|
|a xo
|c SK
|
| 080 |
|
|
|a 329.12(437.6)DU:329.051(437.6)SDK
|2 UDC-MRF-SK2
|
| 100 |
1 |
|
|a Gembický, Július
|4 aut
|9 232498
|
| 245 |
1 |
0 |
|a Kongres DU rozhodne aj o SDK
|c Július Gembický
|
| 610 |
2 |
7 |
|a Demokratická únia Slovenska (politická strana)
|2 SNKKA
|9 58155
|
| 610 |
2 |
7 |
|a Slovenská demokratická koalícia (politická strana)
|2 SNK
|9 38262
|
| 655 |
|
7 |
|a články z novín a časopisov
|2 snkbucl
|9 267496
|
| 773 |
0 |
|
|t Sme
|g Roč. 7, č. 111 (17.5.1999), s. 4
|
| 850 |
|
|
|a Slovenská národná knižnica v Martine
|
| 852 |
|
|
|a SNK
|b KIS3GCP
|
| 958 |
|
|
|a RBX
|
| 999 |
|
|
|c 2172629
|d 2174559
|